Ιστορία της παιδείας
Saved in:
| Main Author: | |
|---|---|
| Format: | Book |
| Language: | Greek |
| Published: |
Ρόδος :
1958
|
| Subjects: | |
| Tags: |
Add Tag
No Tags, Be the first to tag this record!
|
MARC
| LEADER | 00000cam a2200000 i 4500 | ||
|---|---|---|---|
| 001 | 1/99696 | ||
| 008 | 950404s1958 gr | ||| |||| ||gre|| | ||
| 035 | |l 10011405 | ||
| 040 | |a GR-MY-UA |b gre |e aacr | ||
| 041 | 0 | |a gre | |
| 082 | 0 | |a 370.09495 | |
| 100 | 1 | |a Ισηγόνης, Αντώνιος Μ. | |
| 245 | 1 | 0 | |a Ιστορία της παιδείας / |c Αντ. Μ. Ισηγόνη |
| 260 | |a Ρόδος : |c 1958 | ||
| 300 | |a 352 σ.; |c 23 εκ. | ||
| 504 | |a Βιβλιογραφία: σ.336-345 | ||
| 650 | 0 | 0 | |a Education |z Greece |x History |y 20th century. |
| 852 | |a INST |b LESVOS |e 19950404 |h 370.09495 ΙΣΗ |p 005100001839 |q 005100001839 |t BK |y 0 | ||
| 852 | |a INST |b RHODES |c KRI |e 20051003 |h 370.09495 ΙΣΗ |p 005400022511 |q 005400022511 |t BK |y 0 | ||
| 901 | |a BIBL4-2005-3 | ||
| 909 | |a Λ |b 039988 | ||
| 909 | |a Ρ |b 122319 | ||
| 970 | |a ΣΙΔΕΡΗ |b ΝΕΚΤΑΡΙΑ |z 2005/10/03 | ||